| 000 | 00394nam a2200121Ia 4500 | ||
|---|---|---|---|
| 008 | 220615s9999||||xx |||||||||||||| ||und|| | ||
| 245 | 0 | _aUpdated Topics in Minimally Invasive Abdominal Surgery | |
| 546 | _aEnglish[eng] | ||
| 650 | _aGeneral surgery | ||
| 700 | _aAbdelRaouf ElGeidie, Ahmed | ||
| 856 | _uhttps://mts.intechopen.com/storage/books/1040/authors_book/authors_book.pdf | ||
| 942 | _cEB | ||
| 999 |
_c11828 _d11828 |
||